| 000 | 00481nam a2200205Ia 4500 | ||
|---|---|---|---|
| 003 | OSt | ||
| 005 | 20140321110242.0 | ||
| 008 | 140130s9999 xx 000 0 und d | ||
| 020 | _a0590275356 | ||
| 050 |
_aPZ 7 _b.L66245K5 1994 |
||
| 100 | _aLing, Bettina | ||
| 245 |
_cBettina Ling _aKites / |
||
| 260 |
_bScholastic, _c1994. _aNew York : |
||
| 300 |
_a16 p. : _bcol. ill. ; _c24 cm. |
||
| 440 | _v1 | ||
| 521 | _aG1 | ||
| 526 | _c280 | ||
| 942 |
_cBK _2lcc |
||
| 999 |
_c40088 _d40088 |
||